Statistics for Top World Languages Quiz

Click here to take the quiz!

General Stats

  • This quiz has been taken 234,649 times
    (53,309 since last reset)
  • The average score is 22 of 52

Answer Stats

# Language % Correct
379 mEnglish
100%
480 mSpanish
98%
77.2 mFrench
96%
90.2 mGerman
(inc. Bavarian)
93%
918 mMandarin
93%
221 mPortuguese
91%
154 mRussian
91%
> 275 mArabic
86%
64.8 mItalian
86%
128 mJapanese
86%
341 mHindi
77%
77.3 mKorean
71%
23.1 mDutch
70%
39.7 mPolish
68%
> 59 mMalay /
Indonesian
65%
79.4 mTurkish
63%
73.1 mCantonese
62%
20.7 mThai
59%
76.0 mVietnamese
58%
52.8 mPersian
52%
23.6 mTagalog
51%
68.6 mUrdu
50%
27.3 mUkrainian
49%
24.3 mRomanian
47%
228 mBengali
45%
75.0 mTamil
37%
125 mPunjabi
31%
32.9 mBurmese
26%
31.8 mPashto
23%
50.1 mMin Nan
22%
81.4 mWu
22%
56.4 mGujarati
19%
68.3 mJavanese
18%
21.9 mAmharic
17%
82.0 mTelugu
17%
25.1 mUzbek
17%
83.1 mMarathi
15%
27.0 mIgbo
15%
43.6 mKannada
13%
37.8 mYoruba
12%
37.1 mMalayalam
11%
43.9 mHausa
10%
48.2 mHakka
9%
34.5 mOdia
8%
32.4 mSundanese
7%
24.6 mSindhi
7%
37.3 mXiang
6%
46.9 mJin
6%
52.2 mBhojpuri
6%
33.9 mMaithili
5%
22.1 mGan
5%
20.7 mMagahi
3%

Score Distribution

Percentile by Number Answered

Percent of People with Each Score

Your Score History

You have not taken this quiz since the last reset